[Event "Open d'Aubagne 2018-2019"]
[Site "Aubagne"]
[Date "2019.01.19"]
[Round "6.28"]
[White "De Laurentis, Pierre"]
[Black "Shelar, Manasvi"]
[Result "1-0"]
[WhiteElo "1020"]
[BlackElo "1280"]
[PlyCount "85"]

1. d4 d5 2. Nf3 Nc6 3. g3 Bg4 4. Nh4 Nf6 5. f3 Bd7 6. Bg2 e6 7. O-O h6 8. Re1
Bb4 9. c3 Bd6 10. e4 dxe4 11. fxe4 Qe7 12. e5 Nh7 13. exd6 Qxd6 14. Be3 O-O-O
15. Nd2 Rde8 16. Nc4 Qe7 17. Qb3 Kb8 18. Nf3 f6 19. Nh4 a6 20. Ng6 Qf7 21. Na5
Nxa5 22. Qc2 Rhg8 23. b4 Nc4 24. Bf4 f5 25. Ne5 Nxe5 26. dxe5 Rd8 27. Rad1 g5
28. Be3 f4 29. Bf2 fxg3 30. hxg3 Nf8 31. Qe2 Bb5 32. Qe3 b6 33. Rxd8+ Ka7 34.
Qe4 c6 35. c4 Ba4 36. c5 a5 37. cxb6+ Kb7 38. Rc1 Ka6 39. Bf1+ Kb7 40. Rc4 Bb5
41. Bg2 Bxc4 42. Qxc6+ Ka6 43. b7# 1-0

[Event "Open d'Aubagne 2018-2019"]
[Site "Aubagne"]
[Date "2019.01.19"]
[Round "6.29"]
[White "Periale, Albert"]
[Black "Periale, Francine"]
[Result "1/2-1/2"]
[WhiteElo "1263"]
[BlackElo "1038"]
[PlyCount "87"]

1. e4 c5 2. Nf3 Nc6 3. Bb5 g6 4. c3 d6 5. d4 cxd4 6. cxd4 d5 7. e5 Bg7 8. O-O
e6 9. Nc3 Nge7 10. Bg5 O-O 11. a3 Bd7 12. b4 a6 13. Ba4 b5 14. Bc2 a5 15. bxa5
Nxa5 16. Bd3 Nc4 17. Qc2 Re8 18. Nd2 Qc8 19. Nb3 b4 20. axb4 Rxa1 21. Rxa1 Bc6
22. b5 Bb7 23. Nc5 Ba8 24. Qa2 Nf5 25. Ne2 h6 26. Bf4 g5 27. Bxc4 dxc4 28. Be3
Bd5 29. Qb2 Nh4 30. f3 Nf5 31. Bf2 Rf8 32. b6 Qb8 33. Nd7 Qd8 34. Nxf8 Qxf8 35.
b7 Qb8 36. Rb1 Bxb7 37. Qxb7 Qxb7 38. Rxb7 Bf8 39. Rc7 c3 40. Rxc3 Bb4 41. Rb3
Bd2 42. Ng3 Bf4 43. Nh5 Bxh2+ 44. Kxh2 1/2-1/2

[Event "Open d'Aubagne 2018-2019"]
[Site "Aubagne"]
[Date "2019.01.19"]
[Round "6.30"]
[White "Madi, Mohammed"]
[Black "Bedhouche, Rayan"]
[Result "0-1"]
[WhiteElo "1090"]
[BlackElo "1203"]
[PlyCount "88"]

1. c4 Nf6 2. Nc3 e6 3. g3 Bc5 4. Bg2 O-O 5. Nf3 Nc6 6. O-O d6 7. a3 a5 8. Rb1
Bd7 9. d3 h6 10. Bd2 Re8 11. Na2 Qe7 12. e3 d5 13. cxd5 exd5 14. d4 Bd6 15. Re1
Ne4 16. Qb3 Nf6 17. Red1 a4 18. Qc2 Ne4 19. Re1 Bf5 20. Rbc1 Nxg3 21. Qd1 Ne4
22. Kf1 Bg4 23. h3 Bf5 24. Nc3 Qe6 25. Ng1 Bh2 26. Nb5 Ng5 27. Nxc7 Bxc7 28. b3
Bd3+ 29. Re2 Bxe2+ 30. Kxe2 Nxd4+ 31. Kf1 Nc6 32. bxa4 Bd6 33. Ra1 Be5 34. Rb1
Rab8 35. Qb3 d4 36. Qc2 dxe3 37. Bxe3 Nd4 38. Bxd4 Bxd4 39. h4 Qa6+ 40. Ne2 Ne6
41. Rd1 Bc5 42. Qf5 Nd4 43. Rc1 Qxe2+ 44. Kg1 Nxf5 0-1

[Event "Open d'Aubagne 2018-2019"]
[Site "Aubagne"]
[Date "2019.01.19"]
[Round "6.31"]
[White "Garbe, Georges"]
[Black "Bhutra, Patricia"]
[Result "1/2-1/2"]
[WhiteElo "1203"]
[BlackElo "1010"]
[PlyCount "145"]

1. f4 d6 2. Nf3 Nf6 3. b3 c6 4. Bb2 g6 5. e3 Bg7 6. Nc3 h6 7. Rb1 O-O 8. Be2
Nbd7 9. O-O e6 10. d4 e5 11. Nd2 d5 12. Qe1 Nb6 13. Na4 Nxa4 14. bxa4 Bg4 15.
Bxg4 Nxg4 16. h3 Nf6 17. Qh4 Qa5 18. Qe1 Rfe8 19. Nb3 Qxa4 20. a3 Qb5 21. Rf2
Qb6 22. Qb4 Qxb4 23. axb4 Re7 24. Na5 Rc8 25. c3 Rcc7 26. Ba3 b6 27. Nb3 Re8
28. Rc2 Nh5 29. Kh2 Bf6 30. g4 Ng7 31. c4 dxc4 32. Rxc4 g5 33. f5 h5 34. Kg3
h4+ 35. Kg2 Ree7 36. b5 c5 37. d5 Rcd7 38. Rd1 Ne8 39. Nc1 Nd6 40. Ra4 Nxb5 41.
Rd2 Nxa3 42. Rxa3 e4 43. d6 Re8 44. Ne2 Red8 45. Nc3 Rxd6 46. Rxd6 Rxd6 47. Ne2
Rd2 48. Kf2 Be5 49. Kf1 Bg3 50. Nxg3 hxg3 51. Kg1 Rd3 52. Rxa7 Rxe3 53. Kg2 c4
54. Ra6 c3 55. Rxb6 c2 56. Rc6 Re2+ 57. Kxg3 e3 58. Kf3 Re1 59. Rxc2 e2 60. Kf2
Rf1+ 61. Kxe2 Rh1 62. Rc3 Rh2+ 63. Kf1 Rh1+ 64. Kg2 Ra1 65. f6 Ra2+ 66. Kf1
Ra1+ 67. Ke2 Ra2+ 68. Kd1 Kh7 69. Rc2 Ra3 70. Rh2 Kg6 71. Ke1 Kxf6 72. Rf2+ Kg6
73. Rh2 1/2-1/2

[Event "Open d'Aubagne 2018-2019"]
[Site "Aubagne"]
[Date "2019.01.19"]
[Round "6.32"]
[White "Rescanieres, Alice"]
[Black "Tramarin, Esteban"]
[Result "0-1"]
[WhiteElo "1020"]
[BlackElo "1180"]
[PlyCount "80"]

1. Nf3 f5 2. Nc3 Nf6 3. d4 b6 4. Bg5 Bb7 5. e3 h6 6. Bxf6 exf6 7. Bd3 g6 8. e4
Qe7 9. Qe2 c5 10. exf5 Qxe2+ 11. Bxe2 gxf5 12. O-O Nc6 13. Nd5 O-O-O 14. Nxf6
Nxd4 15. Nxd4 cxd4 16. Rfd1 Bc5 17. a3 a5 18. Rac1 Rdf8 19. Nh5 Rhg8 20. Nf4
Bd6 21. Nd5 Bxd5 22. Ba6+ Kd8 23. g3 Bf3 24. Rxd4 Be5 25. Rd2 Bxb2 26. Rb1 Bxa3
27. Rxb6 Bb4 28. Rd4 Bc5 29. Rb8+ Kc7 30. Rxf8 Rxf8 31. Rc4 Kb6 32. Rf4 Be4 33.
Be2 Bxc2 34. Rh4 a4 35. Rxh6+ d6 36. Bc4 Bb3 37. Bd3 a3 38. h4 a2 39. h5 a1=Q+
40. Kh2 Bd5 0-1

[Event "Open d'Aubagne 2018-2019"]
[Site "Aubagne"]
[Date "2019.01.19"]
[Round "6.33"]
[White "Masson, Wally"]
[Black "Roganova, Maxime"]
[Result "1-0"]
[WhiteElo "1169"]
[BlackElo "1009"]
[PlyCount "111"]

1. e4 e5 2. Bc4 Nf6 3. Nc3 Bc5 4. Nf3 O-O 5. d4 Bxd4 6. Nxd4 exd4 7. Qxd4 Nc6
8. Qe3 d6 9. O-O Bg4 10. h3 Bh5 11. Re1 Re8 12. Qg3 Bg6 13. Bg5 Nb4 14. Bd3 d5
15. e5 Bxd3 16. cxd3 Nc2 17. exf6 Nxe1 18. fxg7 Qd6 19. Bf4 Qg6 20. Nxd5 Qxg3
21. fxg3 Re2 22. Kf1 Rae8 23. Nf6+ Kxg7 24. Nxe8+ Rxe8 25. Rxe1 Rd8 26. Be5+
Kg6 27. d4 f6 28. Bxc7 Rxd4 29. b3 Rd2 30. a4 Rb2 31. Re3 Rb1+ 32. Ke2 Rb2+ 33.
Kf3 Rb1 34. g4 Rc1 35. Bf4 f5 36. Re6+ Kf7 37. gxf5 Rc3+ 38. Re3 Rc1 39. g4
Rf1+ 40. Kg3 Rg1+ 41. Kf2 Rh1 42. g5 Rb1 43. h4 Rb2+ 44. Re2 Rxb3 45. Be3 Rb4
46. f6 Rxh4 47. Bxa7 Rxa4 48. Re7+ Kg6 49. Be3 b5 50. f7 b4 51. f8=Q Ra2+ 52.
Kf3 Rf2+ 53. Kxf2 b3 54. Qf6+ Kh5 55. Rxh7+ Kg4 56. Qf4# 1-0

[Event "Open d'Aubagne 2018-2019"]
[Site "Aubagne"]
[Date "2019.01.19"]
[Round "6.34"]
[White "Bartolini, Manuela"]
[Black "Nasri, Alexandre"]
[Result "1-0"]
[WhiteElo "1061"]
[BlackElo "1399"]
[PlyCount "71"]

1. d4 Nf6 2. Bf4 Nc6 3. e3 d6 4. Nd2 e5 5. dxe5 dxe5 6. Bg3 Ne4 7. Bd3 Nxg3 8.
hxg3 Bb4 9. Bxh7 Bxd2+ 10. Qxd2 Qxd2+ 11. Kxd2 g6 12. Ne2 Bg4 13. f3 Bh5 14. g4
Rxh7 15. gxh5 Rxh5 16. Nc3 O-O-O+ 17. Ke2 Nb4 18. Rxh5 gxh5 19. g3 Rg8 20. Ne4
f5 21. Nf6 Rxg3 22. c3 Nc2 23. Rh1 Rg2+ 24. Kd3 Nxe3 25. Rxh5 e4+ 26. Kxe3 b6
27. Rh7 Kb7 28. fxe4 fxe4 29. Nd5 Rxb2 30. Nxc7 Rxa2 31. Kxe4 Ra4+ 32. Kd3 Kc6
33. Ne6 Kd5 34. Nc7+ Kc5 35. Kc2 Kc4 36. Rh4+ 1-0

[Event "Open d'Aubagne 2018-2019"]
[Site "Aubagne"]
[Date "2019.01.19"]
[Round "6.35"]
[White "Lognos, Lina"]
[Black "Prasant, Krishnan"]
[Result "0-1"]
[WhiteElo "1009"]
[BlackElo "1261"]
[PlyCount "68"]

1. c4 e5 2. Nc3 Nf6 3. d3 Nc6 4. g3 Bc5 5. Bg2 d6 6. Nf3 Be6 7. O-O Qd7 8. a3
a5 9. Ng5 h6 10. Nxe6 fxe6 11. a4 O-O 12. Ne4 Nxe4 13. Bxe4 Rf6 14. Bd2 Raf8
15. e3 b6 16. Qe2 d5 17. cxd5 exd5 18. Bg2 d4 19. e4 Qf7 20. b3 Qxb3 21. Bh3
Kh8 22. f3 Qf7 23. Bg2 Ne7 24. Bc1 Ng6 25. Bh3 Rxf3 26. Bf5 Rxf1+ 27. Qxf1 Ne7
28. g4 Nxf5 29. gxf5 Qh5 30. Kh1 g6 31. Ba3 Bxa3 32. Rxa3 gxf5 33. Qc1 Qf3+ 34.
Kg1 Rg8+ 0-1

[Event "Open d'Aubagne 2018-2019"]
[Site "Aubagne"]
[Date "2019.01.19"]
[Round "6.36"]
[White "Burnel, Marie-France"]
[Black "Innocenti, Georges"]
[Result "1-0"]
[WhiteElo "1059"]
[BlackElo "1399"]
[PlyCount "71"]

1. e4 e5 2. Nf3 Nc6 3. Nc3 Nf6 4. g3 d6 5. Bg2 g6 6. b3 Bg4 7. Bb2 Bxf3 8. Qxf3
Nd4 9. Qd3 Qd7 10. h3 c6 11. g4 g5 12. O-O-O O-O-O 13. Ne2 Nxe2+ 14. Qxe2 Re8
15. f3 d5 16. h4 gxh4 17. Rxh4 dxe4 18. g5 exf3 19. Qxf3 Qd5 20. Bh3+ Nd7 21.
Qxd5 cxd5 22. Bxd7+ Kxd7 23. d4 e4 24. Rf4 Re7 25. Rf5 Ke6 26. Re5+ Kd6 27. Rf5
Ke6 28. Re5+ Kd6 29. Ba3+ Kc6 30. Bxe7 Bxe7 31. Rxe7 Rg8 32. Rg1 Rf8 33. Kb2
Kd6 34. Rxb7 a6 35. Rf1 e3 36. Rf6# 1-0

[Event "Open d'Aubagne 2018-2019"]
[Site "Aubagne"]
[Date "2019.01.19"]
[Round "6.37"]
[White "Lopez, Marcel"]
[Black "Shelar, Rujuta"]
[Result "0-1"]
[WhiteElo "1399"]
[BlackElo "1057"]
[PlyCount "86"]

1. e4 e5 2. d3 Nf6 3. Nf3 Nc6 4. Nbd2 Bc5 5. Nb3 Qe7 6. Be2 d6 7. Bd2 Be6 8.
O-O Bxb3 9. cxb3 O-O 10. Qc1 Rad8 11. Ne1 Bb4 12. a3 Bxd2 13. Qxd2 Nd4 14. Qd1
Nxe2+ 15. Qxe2 d5 16. f3 c5 17. Rc1 b5 18. Nc2 b4 19. a4 Nh5 20. g3 Qg5 21. Qg2
Rd6 22. Qf2 Rc8 23. Nxb4 d4 24. Nc2 Nf4 25. h4 Qg6 26. Qd2 Qxg3+ 27. Kh1 Qh3+
28. Qh2 Qxh2+ 29. Kxh2 Rh6 30. Kg3 Ne2+ 31. Kh3 Nxc1 32. Rxc1 Rf6 33. Rf1 h6
34. Rg1 Rxf3+ 35. Rg3 Rxg3+ 36. Kxg3 g5 37. Ne1 Rb8 38. hxg5 hxg5 39. Kg4 f6
40. Kf5 Kg7 41. Kg4 Rxb3 42. Kf3 Kg6 43. Ke2 Rxb2+ 0-1

[Event "Open d'Aubagne 2018-2019"]
[Site "Aubagne"]
[Date "2019.01.19"]
[Round "6.38"]
[White "Catanese, Sauveur"]
[Black "Rieu, Jean"]
[Result "1/2-1/2"]
[WhiteElo "1018"]
[BlackElo "1161"]
[PlyCount "42"]

1. Nf3 e6 2. d4 Nf6 3. c4 Bb4+ 4. Bd2 Bxd2+ 5. Nfxd2 b6 6. Nc3 Bb7 7. e4 Nc6 8.
e5 Ng8 9. Nf3 Nb4 10. a3 Bxf3 11. gxf3 Nc6 12. d5 Nxe5 13. f4 Ng6 14. dxe6 dxe6
15. Qa4+ Qd7 16. Qxd7+ Kxd7 17. O-O-O+ Ke8 18. Rd4 a6 19. Bg2 Rb8 20. Bc6+ Ke7
21. Rd7+ Ke8 1/2-1/2

[Event "Open d'Aubagne 2018-2019"]
[Site "Aubagne"]
[Date "2019.01.19"]
[Round "6.39"]
[White "Boudet, Nicole"]
[Black "Cayrou, Kylian"]
[Result "1-0"]
[WhiteElo "1087"]
[BlackElo "1020"]
[PlyCount "57"]

1. e4 c5 2. Nf3 Nc6 3. c3 e5 4. d4 d6 5. d5 Na5 6. Be2 Nf6 7. Bg5 h6 8. Bxf6
Qxf6 9. Bb5+ Bd7 10. Bxd7+ Kxd7 11. Qa4+ Kc7 12. Qxa5+ b6 13. Qb5 a6 14. Qc6+
Kd8 15. Qxa8+ Ke7 16. Qxa6 Qf4 17. Qb7+ Kf6 18. O-O Qxe4 19. Nbd2 Qc2 20. Qxb6
Be7 21. Rac1 Qa4 22. Qb3 Qa8 23. Ne4+ Kf5 24. Rfe1 Rb8 25. Qc2 Qxa2 26. Nxd6+
Kf6 27. Ne4+ Kf5 28. Ng3+ Kf6 29. Nh5# 1-0

[Event "Open d'Aubagne 2018-2019"]
[Site "Aubagne"]
[Date "2018.01.19"]
[Round "6.40"]
[White "Pegon, Claude"]
[Black "Bhutra, Richard"]
[Result "0-1"]
[WhiteElo "1076"]
[BlackElo "1010"]
[PlyCount "103"]

1. c4 e5 2. Nc3 Nc6 3. d3 Nf6 4. Nf3 Bc5 5. e3 O-O 6. g3 d5 7. Bg2 Bg4 8. h3
Be6 9. a3 a5 10. b4 Bd6 11. c5 Be7 12. O-O d4 13. Ne4 dxe3 14. Bxe3 Nxe4 15.
dxe4 Nd4 16. Bxd4 exd4 17. Nxd4 Bf6 18. Nxe6 fxe6 19. Rb1 Qxd1 20. Rfxd1 Rad8
21. Re1 Bd4 22. e5 Bxf2+ 23. Kf1 Bxe1+ 24. Kxe1 Rd3 25. g4 Rxa3 26. Bxb7 Rxh3
27. Rd1 Re3+ 28. Kd2 Rxe5 29. Kc3 Rf4 30. Rd8+ Kf7 31. Rd7+ Kg6 32. Rd4 Kg5 33.
Rxf4 Kxf4 34. Kc4 Kxg4 35. Kd4 Re1 36. Be4 h5 37. b5 h4 38. b6 cxb6 39. c6 Rc1
40. Ke5 h3 41. Kxe6 Kf4 42. Bd5 Rd1 43. Kd7 h2 44. Kd6 Rxd5+ 45. Kxd5 h1=Q+ 46.
Kd6 g5 47. c7 Qh8 48. Kc6 Qc8 49. Kd6 g4 50. Kc6 g3 51. Kd6 g2 52. Kc6 0-1

[Event "Open d'Aubagne 2018-2019"]
[Site "Aubagne"]
[Date "2019.01.19"]
[Round "6.41"]
[White "Timoner, Genevieve"]
[Black "Belaid, Myriam"]
[Result "1-0"]
[WhiteElo "1009"]
[BlackElo "1040"]
[PlyCount "51"]

1. c4 d6 2. Nc3 Nf6 3. g3 e5 4. Bg2 c6 5. e3 Be7 6. Nge2 Be6 7. b3 Nbd7 8. O-O
Qc7 9. d4 e4 10. Nxe4 Bg4 11. Qc2 Bf5 12. N2c3 d5 13. cxd5 cxd5 14. Nxf6+ Bxf6
15. Qxf5 O-O-O 16. Nxd5 Qc6 17. Ne7+ Bxe7 18. Bxc6 bxc6 19. Bd2 Kb7 20. Rac1 c5
21. Ba5 g6 22. Qxf7 Rde8 23. Qd5+ Kc8 24. Qa8+ Nb8 25. dxc5 Bg5 26. c6 1-0